000 00713cam a2200253 4500
001 4545956
003 OSt
005 20170105101209.0
008 710427s1971 njua b 000 0 eng
010 _a 70143582
020 _a013260034X
040 _aDLC
_cDLC
_dDLC
050 0 0 _aHM51
_b.C288
082 0 0 _a301
100 1 _aCaplow, Theodore.
245 1 0 _aElementary sociology.
260 _aEnglewood Cliffs, N.J.,
_bPrentice-Hall
_c[1971]
300 _a503 p.
_billus.
_c24 cm.
500 _aSecond ed. published in 1975 under title: Sociology.
504 _aIncludes bibliographical references.
650 0 _aSociology.
906 _a7
_bcbc
_corignew
_d2
_encip
_f19
_gy-gencatlg
942 _2ddc
_cBK
999 _c3129
_d3129